Ejecutorias de hidalguía, manuscritos de genealogía y nobleza del México colonial (Record no. 6311)

MARC details
000 -CABECERA
campo de control de longitud fija 01012nam a2200229 a 4500
001 - NÚMERO DE CONTROL
campo de control BRCA_6627
005 - FECHA Y HORA DE LA ÚLTIMA TRANSACCIÓN
campo de control 20190320205532.0
008 - DATOS DE LONGITUD FIJA--INFORMACIÓN GENERAL
campo de control de longitud fija 061011s2009----mx-a######---#000-0#spa-#
041 ## - CÓDIGO DE LENGUA
Código de lengua del texto/banda sonora o título independiente spa
050 #4 - SIGNATURA TOPOGRÁFICA DE LA BIBLIOTECA DEL CONGRESO
Número de documento/Ítem H47 2009
100 1# - ENTRADA PRINCIPAL--NOMBRE DE PERSONA
Nombre de persona Herrera Duprat, Laura María Cristina
9 (RLIN) 16597
245 10 - MENCIÓN DE TÍTULO
Título Ejecutorias de hidalguía, manuscritos de genealogía y nobleza del México colonial
Resto del título una propuesta para su descripción bibliográfica y análisis documental.
260 ## - PUBLICACIÓN, DISTRIBUCIÓN, ETC.
Lugar de publicación, distribución, etc. Ciudad de México
Fecha de publicación, distribución, etc. 2009
300 ## - DESCRIPCIÓN FÍSICA
Extensión vi, 148 p.
Otras características físicas il. (algunas a color)
Dimensiones 28 cm.
Material acompañante/anejo 2 CDs
502 ## - NOTA DE TESIS
Nota de tesis Tesis Maestría (Maestra en Bibliotecología y Estudios de la Información) UNAM, Centro Universitario de Investigaciones Bibliotecológicas, Facultad de Filosofía y Letras
650 14 - PUNTO DE ACCESO ADICIONAL DE MATERIA--TÉRMINO DE MATERIA
Término de materia o nombre geográfico como elemento de entrada Ejecutorias de hidalguía
Subdivisión general Historia
9 (RLIN) 16598
650 14 - PUNTO DE ACCESO ADICIONAL DE MATERIA--TÉRMINO DE MATERIA
Término de materia o nombre geográfico como elemento de entrada Ejecutorias de hidalguía
Subdivisión general Catálogo documental
9 (RLIN) 16599
650 14 - PUNTO DE ACCESO ADICIONAL DE MATERIA--TÉRMINO DE MATERIA
Término de materia o nombre geográfico como elemento de entrada Manuscritos
9 (RLIN) 16600
710 2# - PUNTO DE ACCESO ADICIONAL--NOMBRE DE ENTIDAD CORPORATIVA
Nombre de entidad corporativa o nombre de jurisdicción como elemento de entrada Fernández de Zamora, Rosa María
Término indicativo de función/relación Directora
9 (RLIN) 16601
902 ## - CATALOGADOR
Iniciales DEB
942 ## - ELEMENTOS DE PUNTO DE ACCESO ADICIONAL (KOHA)
Fuente del sistema de clasificación o colocación Library of Congress Classification
Tipo de ítem Koha Tesis
Holdings
Estado de retiro Estado de pérdida Estado dañado No para préstamo Localización permanente Ubicación/localización actual Fecha de adquisición Total de préstamos Signatura topográfica completa Código de barras Fecha visto por última vez Precio válido a partir de Tipo de ítem Koha
El ejemplar forma parte de la colección y puede ser consultado según las políticas vigentes.       Biblioteca del Museo Franz Mayer (Rogerio Casas-Alatriste) Biblioteca del Museo Franz Mayer (Rogerio Casas-Alatriste) 06/10/2011   H47 2009 DEB00074 22/03/2019 22/03/2019 Tesis